|
|
|
|
| LEADER |
01550nam a2200397 a 4500 |
| 001 |
EBC3019513 |
| 003 |
MiAaPQ |
| 005 |
20200520144314.0 |
| 006 |
m o d | |
| 007 |
cr cn||||||||| |
| 008 |
091202s2009 nyua sb 001 0 eng d |
| 010 |
|
|
|z 2009368403
|
| 020 |
|
|
|z 1606920413
|
| 020 |
|
|
|z 9781606920411
|
| 020 |
|
|
|a 9781613249888 (electronic bk.)
|
| 035 |
|
|
|a (MiAaPQ)EBC3019513
|
| 035 |
|
|
|a (Au-PeEL)EBL3019513
|
| 035 |
|
|
|a (CaPaEBR)ebr10671078
|
| 035 |
|
|
|a (OCoLC)758384890
|
| 040 |
|
|
|a MiAaPQ
|c MiAaPQ
|d MiAaPQ
|
| 043 |
|
|
|a n-us---
|
| 050 |
|
4 |
|a KF1078
|b .A25 2009
|
| 110 |
1 |
|
|a United States.
|b Government Accountability Office.
|
| 245 |
1 |
0 |
|a Hedge Funds
|h [electronic resource] :
|b regulation and nonregulation /
|c Yeram E. Torrey, editor.
|
| 260 |
|
|
|a New York :
|b Nova Science Publishers,
|c 2009.
|
| 300 |
|
|
|a vi, 71 p. :
|b ill.
|
| 490 |
1 |
|
|a Financial institutions and services series
|
| 500 |
|
|
|a "Excerpted from GAO Report GAO-08-200 dated January 2008" -- p.1.
|
| 504 |
|
|
|a Includes bibliographical references (p. [55]-64) and index.
|
| 533 |
|
|
|a Electronic reproduction. Ann Arbor, MI : ProQuest, 2015. Available via World Wide Web. Access may be limited to ProQuest affiliated libraries.
|
| 650 |
|
0 |
|a Hedge funds
|x Law and legislation
|z United States.
|
| 655 |
|
4 |
|a Electronic books.
|
| 700 |
1 |
|
|a Torrey, Yeram E.
|
| 710 |
2 |
|
|a ProQuest (Firm)
|
| 830 |
|
0 |
|a Financial institutions and services.
|
| 856 |
4 |
0 |
|u https://ebookcentral.proquest.com/lib/matrademy/detail.action?docID=3019513
|z Click to View
|